000 00303nam a22001337a 4500
008 170607b xxu||||| |||| 00| 0 eng d
020 _a9780395907351
041 _aeng
080 _26 ED
_a927
100 _a18
101 _aSHP
245 _aTHE CHALLENGE OF DEMOCRACI
_cJANDA.K
942 _2udc
_cBK
999 _c16302
_d16302